[Event "GER-chT Federal Cup (Women)"]
[Site "Braunfels"]
[Date "2009.06.05"]
[Round "3"]
[White "Hildebrand, Katrin"]
[Black "Mai, Felicitas"]
[Result "0-1"]
[WhiteElo "1784"]
[BlackElo "1633"]
[PlyCount "76"]
[EventDate "2009.06.04"]
[EventType "team-swiss"]
[EventRounds "5"]
[EventCountry "GER"]
[SourceTitle "CBM 130 Extra"]
[Source "ChessBase"]
[SourceDate "2009.07.02"]
[SourceVersion "2"]
[SourceVersionDate "2009.07.15"]
[SourceQuality "1"]

1. e4 e6 2. d4 d5 3. e5 c5 4. c3 Nc6 5. Nf3 cxd4 6. cxd4 Qb6 7. Nc3 Bd7 8. Rb1 Nge7 9. Na4 Qc7 10. Be2 Nf5 11. 0-0 Be7 12. a3 0-0 13. Nc3 f6 14. exf6 Bxf6 15. Be3 Be8 16. Qd2 Bh5 17. Rbc1 Qe7 18. Rfe1 Rad8 19. h3 Bxf3 20. Bxf3 Qf7 21. Ne2 e5 22. dxe5 Nxe5 23. Bg4 Nxg4 24. hxg4 Nxe3 25. Qxe3 Bxb2 26. Rcd1 b6 27. Rf1 Rfe8 28. Qd3 Bxa3 29. Qxa3 Rxe2 30. Qd3 Re7 31. Rd2 a5 32. Qb5 Rb7 33. Rfd1 Qd7 34. Qxd5+ Qxd5 35. Rxd5 Rxd5 36. Rxd5 a4 37. Rb5 a3 38. Rb3 Ra7 0-1

[Event "Niedersachsen-ch U18"]
[Site "Rotenburg"]
[Date "2008.03.16"]
[Round "2"]
[White "Mai, Felicitas"]
[Black "Kannenberg, Sebastian"]
[Result "1-0"]
[WhiteElo "1638"]
[BlackElo "1244"]
[PlyCount "49"]
[EventDate "2008.03.15"]
[EventType "swiss"]
[EventRounds "9"]
[EventCountry "GER"]
[SourceTitle "EXT 2009"]
[Source "ChessBase"]
[SourceDate "2008.11.26"]
[SourceVersion "1"]
[SourceVersionDate "2008.11.26"]
[SourceQuality "1"]

1. e4 e5 2. Nc3 Nf6 3. Bc4 Bb4 4. d3 Nc6 5. a3 Bxc3+ 6. bxc3 d6 7. Nf3 Bg4 8. 0-0 h6 9. Rb1 Rb8 10. Qe2 0-0 11. h3 Bh5 12. Rd1 Qe7 13. g4 Nxg4 14. hxg4 Bxg4 15. Kg2 Qf6 16. Rg1 Bxf3+ 17. Qxf3 Qg6+ 18. Kf1 Qh7 19. Be3 a6 20. Qh5 Nd8 21. Qxh6 Qxh6 22. Bxh6 Kh7 23. Bxg7 Rg8 24. Bf6 b5 25. Bxd8 1-0

[Event "Niedersachsen-ch U18"]
[Site "Rotenburg"]
[Date "2008.03.15"]
[Round "1"]
[White "Hampel, Felix"]
[Black "Mai, Felicitas"]
[Result "1-0"]
[WhiteElo "1992"]
[BlackElo "1638"]
[PlyCount "67"]
[EventDate "2008.03.15"]
[EventType "swiss"]
[EventRounds "9"]
[EventCountry "GER"]
[SourceTitle "EXT 2009"]
[Source "ChessBase"]
[SourceDate "2008.11.26"]
[SourceVersion "1"]
[SourceVersionDate "2008.11.26"]
[SourceQuality "1"]

1. e4 e6 2. d3 d5 3. Nd2 Nf6 4. Ngf3 Be7 5. g3 0-0 6. Bg2 c5 7. 0-0 Nc6 8. Re1 b6 9. e5 Nd7 10. Nf1 Qc7 11. Bf4 Re8 12. h4 Qd8 13. N1h2 f6 14. exf6 Bxf6 15. c3 e5 16. Ng5 Nf8 17. Qb3 Be6 18. Nxe6 Nxe6 19. Bxd5 Qd7 20. Bxc6 Qxc6 21. Bxe5 Bxe5 22. Rxe5 Kh8 23. Rae1 Nc7 24. Qf7 Rf8 25. Qh5 Qf6 26. Qe2 Rad8 27. Ng4 Qg6 28. Re4 Qd6 29. Ne5 Kg8 30. d4 h6 31. Qc4+ Qd5 32. Qxd5+ Rxd5 33. dxc5 bxc5 34. Ng6 1-0

[Event "Niedersachsen-ch"]
[Site "Verden"]
[Date "2008.01.05"]
[Round "5"]
[White "Mai, Felicitas"]
[Black "Engelking, Michael"]
[Result "1/2-1/2"]
[WhiteElo "1584"]
[BlackElo "1723"]
[PlyCount "55"]
[EventDate "2008.01.03"]
[EventType "swiss"]
[EventRounds "7"]
[EventCountry "GER"]
[SourceTitle "EXT 2010"]
[Source "ChessBase"]
[SourceDate "2010.11.25"]
[SourceVersion "1"]
[SourceVersionDate "2010.11.25"]
[SourceQuality "1"]

1. e4 e5 2. Nc3 Nf6 3. Bc4 Nc6 4. d3 Be7 5. f4 d6 6. Nf3 Bg4 7. h3 Bxf3 8. gxf3 Na5 9. Bb3 Nxb3 10. axb3 a6 11. fxe5 dxe5 12. Be3 Bd6 13. Qd2 Qd7 14. 0-0-0 0-0-0 15. f4 exf4 16. Bxf4 Bxf4 17. Qxf4 Nh5 18. Qg4 g6 19. Rhf1 Rhf8 20. Rf2 Qxg4 21. hxg4 Ng7 22. Rh1 h5 23. gxh5 Nxh5 24. Nd5 c6 25. Nf6 Nxf6 26. Rxf6 Kd7 27. Rhf1 Ke7 28. Kd2 1/2-1/2

[Event "Niedersachsen-ch U18"]
[Site "Northeim"]
[Date "2007.10.22"]
[Round "5"]
[White "Soellig, Robert Valentin"]
[Black "Mai, Felicitas"]
[Result "1/2-1/2"]
[WhiteElo "1453"]
[BlackElo "1616"]
[PlyCount "87"]
[EventDate "2007.10.20"]
[EventType "tourn"]
[EventRounds "7"]
[EventCountry "GER"]
[SourceTitle "EXT 2010"]
[Source "ChessBase"]
[SourceDate "2010.11.25"]
[SourceVersion "1"]
[SourceVersionDate "2010.11.25"]
[SourceQuality "1"]

1. e4 e6 2. d3 d5 3. Nd2 c5 4. Ngf3 Nf6 5. g3 Nc6 6. Bg2 Be7 7. 0-0 0-0 8. Re1 Qc7 9. Nf1 Rd8 10. Qe2 dxe4 11. dxe4 e5 12. Bg5 Bg4 13. N1d2 h6 14. Bxf6 Bxf6 15. c3 Rd7 16. h3 Bh5 17. g4 Bg6 18. Nb3 b6 19. Rad1 Rad8 20. Rd2 Rxd2 21. Nfxd2 Bg5 22. Rd1 Bf4 23. Nc4 Rxd1+ 24. Qxd1 f6 25. Qd6 Qxd6 26. Nxd6 Kf8 27. Kf1 Bh7 28. Ke2 Bg8 29. Kd3 Ke7 30. Nf5+ Kd7 31. Kc2 g6 32. Nh4 Ne7 33. Bf1 Be6 34. Bb5+ Kd8 35. a3 f5 36. f3 fxe4 37. fxe4 h5 38. gxh5 gxh5 39. Bf1 Bg3 40. Nf3 h4 41. Nbd2 Ng6 42. Ng5 Bd7 43. Ndf3 Ke7 44. Kb3 1/2-1/2

[Event "Niedersachsen-ch U18"]
[Site "Northeim"]
[Date "2007.10.21"]
[Round "4"]
[White "Mai, Felicitas"]
[Black "Woscholski, Rouven"]
[Result "0-1"]
[WhiteElo "1616"]
[BlackElo "1475"]
[PlyCount "24"]
[EventDate "2007.10.20"]
[EventType "tourn"]
[EventRounds "7"]
[EventCountry "GER"]
[SourceTitle "EXT 2010"]
[Source "ChessBase"]
[SourceDate "2010.11.25"]
[SourceVersion "1"]
[SourceVersionDate "2010.11.25"]
[SourceQuality "1"]

1. e4 e5 2. Nc3 Nf6 3. f4 Bb4 4. fxe5 Bxc3 5. bxc3 Nxe4 6. Qf3 d5 7. Ba3 Qg5 8. Bc1 Bg4 9. d3 Qh4+ 10. g3 Bxf3 11. gxh4 Bxh1 12. dxe4 Bxe4 0-1

[Event "Niedersachsen-ch U16/18 Girls"]
[Site "Rotenburg/Wuemme"]
[Date "2007.04.06"]
[Round "9"]
[White "Mai, Felicitas"]
[Black "Boeer, Svenja"]
[Result "1-0"]
[WhiteElo "1415"]
[BlackElo "786"]
[PlyCount "57"]
[EventDate "2007.03.31"]
[EventType "swiss"]
[EventRounds "9"]
[EventCountry "GER"]
[SourceTitle "EXT 2008"]
[Source "ChessBase"]
[SourceDate "2007.11.25"]
[SourceVersion "1"]
[SourceVersionDate "2007.11.25"]
[SourceQuality "1"]

1. d4 d5 2. Bf4 Bf5 3. Nf3 Nc6 4. c3 f6 5. e3 e6 6. Nbd2 g5 7. Bg3 Bg7 8. c4 g4 9. Nh4 Nh6 10. Nxf5 Nxf5 11. Qxg4 Nxg3 12. Qxg7 Nxh1 13. Qxh8+ Kd7 14. Qxh7+ Qe7 15. Qxe7+ Nxe7 16. cxd5 e5 17. dxe5 fxe5 18. Bc4 Rf8 19. Ne4 a6 20. Ke2 b5 21. Bb3 a5 22. Rxh1 a4 23. Bc2 Nxd5 24. a3 b4 25. Bxa4+ Ke7 26. h4 Ra8 27. Bc6 Ra5 28. Bxd5 Rxd5 29. h5 1-0

[Event "Niedersachsen-ch op"]
[Site "Verden"]
[Date "2007.01.05"]
[Round "5"]
[White "Mai, Felicitas"]
[Black "Paetzold, Julius"]
[Result "1/2-1/2"]
[WhiteElo "1439"]
[BlackElo "1184"]
[PlyCount "66"]
[EventDate "2007.01.04"]
[EventType "swiss"]
[EventRounds "7"]
[EventCountry "GER"]
[SourceTitle "EXT 2021"]
[Source "ChessBase"]
[SourceDate "2020.10.23"]
[SourceVersion "1"]
[SourceVersionDate "2020.10.23"]
[SourceQuality "1"]

1. e4 c6 2. d4 d5 3. exd5 cxd5 4. Bd3 Nc6 5. Nf3 Bg4 6. c3 Nf6 7. Bf4 e6 8. 0-0 Bd6 9. Bxd6 Qxd6 10. Nbd2 0-0 11. Qe1 Ne7 12. Ne5 Bf5 13. Qe3 Ng4 14. Nxg4 Bxg4 15. Rfe1 Bf5 16. Nf3 Bxd3 17. Qxd3 h6 18. Ne5 Nc6 19. f4 Qe7 20. f5 Nxe5 21. Rxe5 Qf6 22. Rf1 exf5 23. Rfxf5 Qb6 24. Qe2 g6 25. Rf2 Qc6 26. Qf3 Rad8 27. Qf4 Kg7 28. Rf3 Rde8 29. Rxe8 Qxe8 30. Re3 Qd7 31. Qe5+ f6 32. Qe7+ Qxe7 33. Rxe7+ Rf7 1/2-1/2

[Event "Niedersachsen-ch op"]
[Site "Verden"]
[Date "2007.01.05"]
[Round "3"]
[White "Mai, Felicitas"]
[Black "Voigt, Eric"]
[Result "1-0"]
[WhiteElo "1439"]
[BlackElo "1071"]
[PlyCount "75"]
[EventDate "2007.01.04"]
[EventType "swiss"]
[EventRounds "7"]
[EventCountry "GER"]
[SourceTitle "EXT 2021"]
[Source "ChessBase"]
[SourceDate "2020.10.23"]
[SourceVersion "1"]
[SourceVersionDate "2020.10.23"]
[SourceQuality "1"]

1. e4 c5 2. d4 cxd4 3. c3 dxc3 4. Nxc3 Nc6 5. Nf3 e6 6. Bc4 Nf6 7. 0-0 Bc5 8. Bg5 e5 9. Nd5 d6 10. Qb3 Be6 11. Nxf6+ gxf6 12. Bxe6 fxe6 13. Qxe6+ Qe7 14. Qxf6 Qxf6 15. Bxf6 Rg8 16. Rac1 Kd7 17. Nxe5+ Ke6 18. Nxc6 bxc6 19. e5 Bd4 20. Rxc6 Bxe5 21. Bxe5 Kxe5 22. f4+ Kd5 23. Rc7 h6 24. Kf2 Rac8 25. Rfc1 Rb8 26. b3 Ke4 27. g3 Kf5 28. Kf3 h5 29. Rd7 Rgc8 30. Rdc7 Re8 31. h3 Re6 32. Rh7 Kg6 33. Rcc7 Rf8 34. g4 hxg4+ 35. hxg4 d5 36. f5+ Kg5 37. Rcg7+ Kf6 38. Rg6+ 1-0

[Event "Bezirk-ch U18"]
[Site "Osterode"]
[Date "2006.10.15"]
[Round "3"]
[White "Woscholski, Rouven"]
[Black "Mai, Felicitas"]
[Result "1/2-1/2"]
[WhiteElo "1414"]
[BlackElo "1388"]
[PlyCount "35"]
[EventDate "2006.10.14"]
[EventType "tourn"]
[EventRounds "7"]
[EventCountry "GER"]
[SourceTitle "EXT 2008"]
[Source "ChessBase"]
[SourceDate "2007.11.25"]
[SourceVersion "1"]
[SourceVersionDate "2007.11.25"]
[SourceQuality "1"]

1. Nf3 d5 2. d3 Nc6 3. Nbd2 e5 4. g3 Nf6 5. Bg2 Bc5 6. e4 dxe4 7. dxe4 0-0 8. 0-0 Be6 9. c3 Qd7 10. Qc2 Rad8 11. Nb3 Bb6 12. Qd2 Nxe4 13. Qxd7 Bxd7 14. Nxe5 Rfe8 15. Nc4 Bxf2+ 16. Rxf2 Nxf2 17. Kxf2 Bg4 18. Bf3 1/2-1/2

[Event "GER-chT Federal Cup (Women)"]
[Site "Braunfels"]
[Date "2006.05.05"]
[Round "2"]
[White "Mai, Felicitas"]
[Black "Burisch, Christin"]
[Result "0-1"]
[WhiteElo "1494"]
[BlackElo "1904"]
[PlyCount "48"]
[EventDate "2006.05.04"]
[EventType "team-swiss"]
[EventRounds "5"]
[EventCountry "GER"]
[SourceTitle "EXT 2010"]
[Source "ChessBase"]
[SourceDate "2010.11.25"]
[SourceVersion "1"]
[SourceVersionDate "2010.11.25"]
[SourceQuality "1"]

1. e4 b6 2. d4 Bb7 3. Nc3 e6 4. Bd3 Nf6 5. Bg5 Be7 6. Bf4 Bb4 7. Nge2 d5 8. e5 Nfd7 9. 0-0 a6 10. a3 Be7 11. Ng3 c5 12. Qg4 g6 13. Bh6 cxd4 14. Qxd4 Nc6 15. Qf4 Ncxe5 16. Bg7 Bg5 17. Qd4 Bf6 18. Bxf6 Qxf6 19. Nce2 h5 20. Qf4 h4 21. Nh1 h3 22. g3 Nf3+ 23. Qxf3 Qxf3 24. Nf4 d4 0-1

[Event "Niedersachsen-ch U14/18 Girls"]
[Site "Rotenburg/Wuemme"]
[Date "2005.03.23"]
[Round "7"]
[White "Mai, Felicitas"]
[Black "Hoolt, Rebekka"]
[Result "0-1"]
[WhiteElo "1270"]
[BlackElo "957"]
[PlyCount "118"]
[EventDate "2005.03.19"]
[EventType "swiss"]
[EventRounds "9"]
[EventCountry "GER"]
[SourceTitle "EXT 2007"]
[Source "ChessBase"]
[SourceDate "2006.11.23"]
[SourceVersion "1"]
[SourceVersionDate "2006.11.23"]
[SourceQuality "1"]

1. e4 c6 2. d4 d5 3. exd5 cxd5 4. Nc3 Nf6 5. Bd3 Nc6 6. Nf3 Bg4 7. Be3 g6 8. h3 Bxf3 9. Qxf3 Bg7 10. Ne2 Nb4 11. Bb5+ Nd7 12. Ba4 Qa5 13. Nc3 b5 14. Bb3 Nb6 15. 0-0 e6 16. a3 Nc6 17. Rfd1 0-0 18. h4 b4 19. axb4 Qxb4 20. Ne2 a5 21. Bd2 Nxd4 22. Bxb4 Nxf3+ 23. gxf3 axb4 24. Rxa8 Rxa8 25. Rb1 Nd7 26. c3 bxc3 27. Nxc3 Bxc3 28. bxc3 Rb8 29. Kf1 Ne5 30. Ke2 Nc4 31. Kd3 Ne5+ 32. Ke3 Kg7 33. f4 Nc6 34. Kd3 Kf6 35. Ke3 Na5 36. Bc2 Nc4+ 37. Kd4 Rxb1 38. Bxb1 Nd2 39. Bd3 Nf3+ 40. Ke3 Nxh4 41. Bf1 Nf5+ 42. Kf3 Nd6 43. Bd3 Nb7 44. Bb5 Nc5 45. c4 h5 46. Kg3 Kf5 47. Kf3 h4 48. cxd5 exd5 49. Bf1 d4 50. Bh3+ Kf6 51. Ke2 g5 52. fxg5+ Kxg5 53. Kf3 Ne6 54. Ke4 Nf4 55. Bf1 d3 56. Ke3 Kg4 57. Kd2 Kf3 58. Ke1 Ng2+ 59. Kd2 h3 0-1

[Event "Niedersachsen-ch U14/18 Girls"]
[Site "Rotenburg/Wuemme"]
[Date "2005.03.20"]
[Round "2"]
[White "Meyer, Isabel"]
[Black "Mai, Felicitas"]
[Result "0-1"]
[WhiteElo "979"]
[BlackElo "1270"]
[PlyCount "72"]
[EventDate "2005.03.19"]
[EventType "swiss"]
[EventRounds "9"]
[EventCountry "GER"]
[SourceTitle "EXT 2007"]
[Source "ChessBase"]
[SourceDate "2006.11.23"]
[SourceVersion "1"]
[SourceVersionDate "2006.11.23"]
[SourceQuality "1"]

1. d4 e6 2. c4 d5 3. Nc3 dxc4 4. Bf4 Bb4 5. e3 Nf6 6. Bxc4 0-0 7. Nf3 Ne4 8. Qc2 Nxc3 9. bxc3 Be7 10. 0-0 Nd7 11. Bd3 Nf6 12. Rab1 b6 13. Rfe1 Bb7 14. h3 Bxf3 15. gxf3 Qd5 16. Be4 Nxe4 17. Qxe4 Qxa2 18. Kh1 Qxf2 19. Rg1 Qh4 20. Rg3 a5 21. Rbg1 g6 22. Bxc7 Qh5 23. Bxb6 Rfc8 24. c4 a4 25. Ra1 a3 26. Qg4 Qxg4 27. hxg4 Rxc4 28. Rg2 Ra6 29. Bc5 Bxc5 30. dxc5 Rxc5 31. Rga2 Rc3 32. Re2 f5 33. gxf5 exf5 34. e4 Rxf3 35. e5 Kf7 36. Kg2 Rb3 0-1

[Event "Osterode district U16/18"]
[Site "Osterode"]
[Date "2004.10.10"]
[Round "2.5"]
[White "Mai, Felicitas"]
[Black "Kannenberg, Sebastian"]
[Result "0-1"]
[WhiteElo "1353"]
[BlackElo "881"]
[PlyCount "54"]
[EventDate "2004.10.09"]
[EventType "swiss"]
[EventRounds "7"]
[EventCountry "GER"]
[SourceTitle "EXT 2006"]
[Source "ChessBase"]
[SourceDate "2005.11.24"]
[SourceVersion "1"]
[SourceVersionDate "2005.11.24"]
[SourceQuality "1"]

1. e4 e5 2. Nc3 Nc6 3. Bc4 Nf6 4. d3 Bb4 5. Nge2 d6 6. f4 Nd4 7. fxe5 dxe5 8. Bd2 Bg4 9. h3 Bxe2 10. Nxe2 Nc6 11. Bb5 Qd6 12. Bxc6+ bxc6 13. Ng3 g6 14. c3 Qxd3 15. Qf3 Qxf3 16. gxf3 Bc5 17. 0-0-0 0-0-0 18. Bg5 Be7 19. h4 h6 20. Rxd8+ Bxd8 21. Be3 Kb7 22. Rd1 Be7 23. f4 Ng4 24. Rd7 Bxh4 25. Nf1 f5 26. fxe5 Nxe5 27. Re7 Bxe7 0-1